Gomorra - Les morts importantes - Statistiques

Statistiques générales
  • Ce quiz a été pris 101 fois
  • Le résultat moyen est 8 sur 33
Statistiques - réponses
Rôle Description de la mort Episode de mort Personnage % Correct
Boss de Secondigliano. Nez à nez avec l'Immortale, il se fait tuer par ce dernier d'une balle dans la tête dans le cimetière où reposait sa femme. S02E12 Don Pietro Savastano
84%
L'Immortale. Il se sacrifie pour Savastano devant Sangue Blu en annonçant à ce dernier que c'est lui qui a tué sa soeur. Tué de force sur un bateau par Savastano d'une balle en plein coeur. S03E12 Ciro Di Marzio
78%
L'Immortale qui aura réussi l'exploit de mourir deux fois dans la série. Ami puis devenu ennemi de Savastano, il cherche à le tuer avant de faire équipe avec lui pour survivre sur la plage. Après la mort de Savastano, il est victime d'une balle provenant de loin et meurt juste à côté de lui. S05E10 Ciro Di Marzio
78%
Femme du boss de Secondigliano. Tuée alors qu'elle sortait d'un rendez-vous avec l'Immortale. S01E11 Donna Immacolata Savastano
75%
Jeune enfant devenant un passeur de drogue pour l'Immortale en échange d'argent. Pris au piège par l'homme à abattre au début de la série, il se fait tuer par ce dernier après lui avoir révélé qui lui avait fourni la drogue. S01E10 Danielino
59%
Ennemi principal de l'Immortale et des Savastano. Pris au piège dans une église et trahi par ses hommes au moment où il pensait se débarrasser de l'Immortale. S02E03 Salvatore Conte
58%
Seul personnage de la série à apparaître vivant lors de toutes les saisons de Gomorra. Alors qu'il vient de laisser sa femme et son fils prendre le large en bateau, il se bat pour survivre avec l'Immortale sur une plage mais finit par se faire abattre. S05E10 Gennaro Savastano
46%
Femme de l'Immortale. Etranglée par son mari après une dispute à la sortie d'un restaurant dans lequel ils avaient dîné tous les deux. S02E01 Deborah Di Marzio
35%
Messagère du boss de Secondigliano et vendeuse dans une boutique de vêtements. Prend le contrôle des opérations à Secondigliano. Tuée par Savastano sur le tarmac après avoir menti à ce dernier. S04E12 Patrizia Santoro
34%
Chef du clan des Napolitains, il s'allie dans un premier temps à l'Immortale. Personnage important des trois dernières saisons. Il se fait kidnapper en pleine nuit par les hommes de Savastano qui prend sa revanche quelques temps après avoir forcé ce dernier à tuer l'Immortale. S05E07 Enzo Villa 'Sangue Blu'
33%
Fille de l'Immortale. Après avoir subi un accident de voiture, elle se fait tuer par l'un des serviteurs du boss de Secondigliano. S02E12 Maria Rita Di Marzio
27%
Meilleur ami de l'Immortale, considéré comme "père d'adoption" par ce dernier. Tué par balles lors d'un affrontement avec un autre clan. S01E01 Attilio
22%
L'un des plus solides alliés de l'Immortale, également l'un des seuls qui ne l'a pas trahi. Tué par balles sur une plage par les hommes du boss de Secondigliano. S02E08 Rosario 'O Nano'
20%
Ami d'enfance d'un des Savastano, il se rebelle contre lui et le menace, avant que cela ne se retourne finalement contre lui. Meurt étouffé par les hommes de l'Alliance comprenant l'Immortale. S02E09 'O Track'
19%
Serviteur du boss de Secondigliano, il fait les frais de la vengeance de l'Immortale. Alors qu'il croit que le fils de Don Pietro va l'aider à retrouver l'Immortale et le tuer, il tombe dans le piège et meurt après avoir reçu plusieurs balles. S03E01 Malammore
14%
Mari de la nouvelle boss de Secondigliano. Alors qu'il pensait partir loin de tout le bourbier napolitain, il se fait tuer dans un avion par l'un des hommes de Savastano. S04E12 Michelangelo Levante
10%
D'abord allié à l'un des personnages principaux, il décide de le trahir, estimant que celui-ci va "perdre la guerre". Dans la même voiture que Savastano, il promet la mort à ce dernier qui s'énerve et le tue violemment par la force en le ruant de coups et en le balançant sur le véhicule, puis par balles. S05E10 Petit Moine 'O'Munaciello'
10%
Considéré comme le meilleur ami de Sangue Blu dans la série. Il trahit Sangue Blu et se réunit avec les Capaccio mais il est abattu par un des hommes de Sangue Blu pensant qu'il trahira tout le monde et qu'il comptait les mener en bateau. S04E07 Valerio 'O'Vucabula'
10%
Allié à l'un des personnages principaux, il le trahit finalement et se fait prendre la main dans le sac. Après s'être entretenu avec l'Immortale à qui il révèle de précieuses informations, ce dernier le tue d'une balle dans la tête. S05E09 Angelo 'O'Maestrale'
9%
Père de la femme du personnage principal. Alors qu'il est dans sa voiture, son véhicule explose en plein vol suite à des bombes placées sur la route par l'Immortale. S03E11 Don Giuseppe Avitabile
8%
Soeur de ''Sangue Blu". Alors qu'elle est dans un magasin de vêtements, elle est abattue dans une cabine d'essayage par les hommes de Savastano. S03E09 Carmela Villa
6%
Membre de l'alliance avec l'Immortale, elle se rebelle finalement. Trahie par Santoro et apprenant que celle-ci l'a toujours détestée, elle se fait tuer par balles à cause de cette dernière. S03E12 Donna Annalisa Magliocca 'Scianel'
6%
Allié aux Levante dans l'alliance des confédérés. Il est capturé par Savastano et ses hommes et se fait tuer d'une balle dans la tête. S05E01 Elia Capaccio 'O'Diplomat'
6%
Elle cherche à se venger de la mort de son mari, tué par ordre de l'un des personnages principaux. Alors qu'elle se rend avec Azzurra à la mort du mari de cette dernière, elle est arrêtée à bord de son véhicule et se fait tuer par balles à cause de la police. S05E10 Nunzia
6%
Oncle de l'un des Savastano. En voiture avec l'ensemble de sa famille, il se fait massacrer par les hommes de Savastano qui compte reprendre le pouvoir à Naples. S04E12 Gerlando Levante
5%
L'un des rares Levante encore en vie à ce stade de la série. Alors qu'il participait à un repas avec le reste de sa famille, il se fait tuer par les hommes de Savastano. S05E04 Saro Levante
5%
Allié aux Levante dans l'alliance des confédérés. Capturé par Sangue Blu et ses hommes, il se fait tuer par ce dernier après avoir avoué être opposé aux idées de la nouvelle boss de Secondigliano. S04E09 Ferdinando Capaccio 'O'Crezi'
4%
Homme d'affaires travaillant pour un membre des Savastano. Tombe d'une falaise avec sa voiture après que ses freins ont été trafiqués par Savastano. S04E08 Alberto Resta
3%
L'un des amis principaux de Sangue Blu. En voulant trahir Sangue Blu, il se fait prendre à son propre jeu et est pris en flagrant délit de trahison. Tué par balles. S04E09 A'Golia
1%
Timide, la soeur Levante se marie, contre son gré, à Federico Maccauro. A peine sortie de table pour échapper au massacre de sa famille, elle se fait tuer par l'homme qu'elle devait épouser dans la forêt en pleine nuit. S05E04 Graziella Levante
1%
Femme de la personne ci-dessus, elle se rend compte que l'un des personnages principaux est en train de perdre la guerre et dissuade son mari de changer de camp. Alors qu'elle tente de prendre la fuite pour échapper aux hommes de l'Immortale, elle est finalement rattrapée et meurt en deux temps par balles. S05E09 Luciana
1%
L'un des propriétaires de places de drogue à Naples qui ralentit la progression de Savastano. Tué par l'un des personnages nouveaux de l'ultime saison, ce qui va conduire à la revanche de sa femme. S05E04 O'Galantommo
1%
Assistante de l'homme d'affaires travaillant pour Savastano lorsque celui-ci s'était exilé loin de Naples. Alors qu'elle remet de l'argent à Azzurra, elle se fait tuer par balles par des hommes ayant fait irruption dans la maison. S05E05 Tiziana
1%
Aucun quiz correspondant
Distribution des résultats
% des personnes avec chaque résultat
Percentile par nombre de réponses
Votre historique - résultats
Vous n’avez pas pris ce quiz